Statistics for 2021 Africa Cup of Nations Goalscorers

Click here to take the quiz!

General Stats

  • This quiz has been taken 11 times
  • The average score is 17 of 70

Answer Stats

Player% Correct
Sadio Mané
100%
Achraf Hakimi
88%
Mohamed Salah
88%
Naby Keïta
88%
Idrissa Gueye
75%
Karl Toko Ekambi
75%
Nicolas Pépé
75%
Youssef En-Nesyri
75%
Bertrand Traoré
63%
Franck Kessié
63%
Trézéguet
63%
Vincent Aboubakar
63%
Abdou Diallo
50%
André Ayew
50%
Ismaïla Sarr
50%
Kelechi Iheanacho
50%
Sofiane Boufal
50%
Wahbi Khazri
50%
Musa Barrow
38%
Samuel Chukwueze
38%
Sébastien Haller
38%
Taiwo Awoniyi
38%
Bamba Dieng
25%
Blati Touré
25%
Cheikhou Kouyaté
25%
El Fardou Ben Nabouhane
25%
Max Gradel
25%
Moses Simon
25%
Umar Sadiq
25%
Ablie Jallow
13%
Ahmed Mogni
13%
Alhaji Kamara
13%
Gustavo Sangaré
13%
Ibrahima Koné
13%
Ibrahim Sangaré
13%
Jim Allevinah
13%
Knowledge Musona
13%
Mohamed Abdelmonem
13%
Musa Noah Kamara
13%
Sofiane Bendebka
13%
Youssef Msakni
13%
Zakaria Aboukhlal
13%
Aaron Boupendza
0%
Alexander Djiku
0%
Cyrille Bayala
0%
Dango Ouattara
0%
Dawa Hotessa
0%
Djibril Ouattara
0%
Esteban Obiang
0%
Famara Diédhiou
0%
Gabadinho Mhango
0%
Garry Rodrigues
0%
Getaneh Kebede
0%
Hamza Mathlouthi
0%
Hassane Bandé
0%
Ishmael Wadi
0%
Issiaga Sylla
0%
Jannick Buyla
0%
Júlio Tavares
0%
Kudakwashe Mahachi
0%
Massadio Haïdara
0%
Pablo Ganet
0%
Richmond Boakye
0%
Seifeddine Jaziri
0%
Selim Amallah
0%
Steeve Yago
0%
Stéphane Bahoken
0%
Walieldin Khedr
0%
William Troost-Ekong
0%
Youssouf M'Changama
0%

Score Distribution

Percentile by Number Answered

Percent of People with Each Score

Your Score History

You have not taken this quiz